000 01051nam a22002897a 4500
008 130821s2001 ck a gr spa
020 _a9589181589
040 _aCo-BoUCM
_bspa
041 0 0 _aspa
060 _aWL 102
_25
100 1 _aZuluaga Goméz, Jairo Alberto
245 1 0 _aNeurodesarrollo y estimulación
_cJairo Alberto Zuluaga Gómez; prólogo Claudine Amiel - Tison ; ilustraciones Gloria E. Quintana J., Laura Victoria Ruano Cáceres
260 _aBogotá (Colombia)
_bEditorial Panamericana
_c2001
300 _a295 páginas
_bilustraciones, tablas, cuadros
504 _aIncluye bibliografía
650 0 4 _aEstimulación adecuada
_915095
650 0 4 _aGenética
_9207
650 0 4 _aGenoma humano
_916327
650 0 4 _aNeurofisiología
_920293
650 0 4 _aNeurolingüística
650 0 4 _aNeuropsicología
_9308
650 0 4 _aSistema nervioso
_924577
700 _aQuintama, Gloria E.
700 1 _aAmiel Tison, Claudine.
700 1 _aRuano Cáceres, Laura Víctoria
942 _cLIBRO
_a15
_e1
_mZ946n
_2NLM
_hWL 102
_n0
999 _c92211
_d92211